[Event "RB-2019-0-00369"]
[Site "LSS email"]
[Date "2019.02.18"]
[Round "?"]
[White "Sorcinelli, Andrea"]
[Black "Gazen, Louis"]
[Result "1/2-1/2"]
[WhiteElo "1882"]
[BlackElo "2013"]
[PlyCount "41"]
[EventDate "2018.12.15"]
[EventType "tourn (corr)"]
[EventRounds "6"]
[EventCountry "GER"]
[SourceTitle "Corr 2022"]
[Source "ChessBase"]
[SourceDate "2021.10.24"]
[SourceVersion "1"]
[SourceVersionDate "2021.10.24"]
[SourceQuality "1"]

1. e4 e5 2. Nf3 Nc6 3. Bb5 a6 4. Ba4 Be7 5. 0-0 Nf6 6. Re1 b5 7. Bb3 d6 8. c3 0-0 9. d4 Bg4 10. Be3 exd4 11. cxd4 d5 12. e5 Ne4 13. Nc3 Nxc3 14. bxc3 Na5 15. Bc2 Bh5 16. Qb1 Bxf3 17. gxf3 g6 18. Bh6 Nc4 19. Qc1 Re8 20. Qf4 c5 21. a4 1/2-1/2

[Event "RB-2018-0-00363"]
[Site "LSS email"]
[Date "2018.11.01"]
[Round "?"]
[White "Granara Barreto, Sebastian"]
[Black "Gazen, Louis"]
[Result "1/2-1/2"]
[WhiteElo "1919"]
[BlackElo "1954"]
[PlyCount "82"]
[EventDate "2018.05.22"]
[EventType "tourn (corr)"]
[EventRounds "6"]
[EventCountry "GER"]
[SourceTitle "Corr 2022"]
[Source "ChessBase"]
[SourceDate "2021.10.24"]
[SourceVersion "1"]
[SourceVersionDate "2021.10.24"]
[SourceQuality "1"]

1. e4 e5 2. Nf3 Nc6 3. Bb5 Nf6 4. 0-0 Nxe4 5. Re1 Nd6 6. Nxe5 Be7 7. Bf1 0-0 8. d4 Nf5 9. Nf3 d5 10. c3 Re8 11. Bd3 Bd6 12. Rxe8+ Qxe8 13. Qc2 g6 14. Nbd2 Bd7 15. Nf1 f6 16. Bd2 Kg7 17. Re1 Qf7 18. h3 Re8 19. Rxe8 Qxe8 20. Qc1 Qe6 21. g4 Nfe7 22. Bh6+ Kh8 23. Bf4 Nd8 24. Bg3 Kg7 25. Nh4 a6 26. Qe3 Bb5 27. Qxe6 Nxe6 28. Bxd6 cxd6 29. Bxb5 axb5 30. Ng2 b4 31. Ng3 Kf7 32. h4 bxc3 33. bxc3 Nc7 34. Ne2 Na8 35. Kf1 Nb6 36. Ke1 g5 37. Ng3 f5 38. gxf5 gxh4 39. Nxh4 Kf6 40. f4 Ng8 41. Ng2 Nc4 1/2-1/2